Colección legislativa de España. (Record no. 168794)

MARC details
000 -LEADER
campo de control de longitud fija 01120nas a2200241 i 4500
001 - NÚMERO DE CONTROL
campo de control 168794
003 - IDENTIFICADOR DE NÚMERO DE CONTROL
campo de control ES-MaACL
005 - FECHA Y HORA DE LA ÚLTIMA TRANSACCIÓN
campo de control 20250809062542.0
008 - DATOS DE LONGITUD FIJA--INFORMACIÓN GENERAL
campo de control de longitud fija 080609 18731877 | | ||pa d
245 00 - MENCIÓN DEL TÍTULO
Título Colección legislativa de España.
Nombre de parte o sección de la obra Sentencias del Tribunal Supremo de Justicia en sus Salas Primera.
246 2# - FORMA VARIANTE DEL TITULO
Título propio/Titulo breve Sentencias del Tribunal Supremo de Justicia en sus Salas Primera y Segunda
260 ## - PUBLICACIÓN, DISTRIBUCIÓN, ETC.
Lugar de publicación, distribución, etc. Madrid :
Nombre del editor, distribuidor, etc. [s.n.],
Fecha de publicación, distribución, etc. 1873-77.
300 ## - DESCRIPCIÓN FÍSICA
Extensión 55 v. ;
Dimensiones 32 cm.
310 ## - PERIODICIDAD ACTUAL
Periodicidad actual Semestral
580 ## - NOTA DE RELACIÓN COMPLEJA
Nota de relación compleja Escindida en: Colección legislativa de España. Sentencias del Tribunal Supremo en su Sala 1ª y Colección legislativa de España. Sentencias del Tribunal Supremo en sus Salas 2ª y 3ª.
650 07 - PUNTO DE ACCESO ADICIONAL DE MATERIA--TÉRMINO DE MATERIA
Término de materia o nombre geográfico como elemento de entrada Derecho
Fuente del encabezamiento o término embne
9 (RLIN) 11602
710 0# - ENTRADA AGREGADA--NOMBRE DE ENTIDAD CORPORATIVA
Nombre de entidad corporativa o nombre de jurisdicción como elemento de entrada España.
Unidad subordinada Ministerio de Gracia y Justicia.
9 (RLIN) 3873
780 00 - ENLACE A UN TÍTULO/ENTRADA ANTERIOR
Título Colección legislativa de España. Sentencias del Tribunal Supremo de Justicia en sus Salas Primera y Segunda
785 00 - ENTRADA/ENLACE A UN TÍTULO POSTERIOR
Título Colección legislativa de España. Sentencias del Tribunal Supremo en materia civil
852 ## - LOCALIZACIÓN
Ubicación ES-MaACL
Número de control de estantería Hem-366
866 #0 - MENCIÓN TEXTUAL DE FONDOS--UNIDAD BIBLIOGRÁFICA BÁSICA
Fondos 1871-74.
Holdings
Estatus retirado Estado de pérdida Estado de daño No para préstamo Colección Biblioteca de origen Biblioteca actual Ubicación en estantería Fecha de adquisición Fuente de adquisición Total de préstamos Signatura topográfica completa Código de barras Visto por última vez Precio de reemplazo Tipo de ítem Koha
        Periódicos y Revistas Biblioteca del Ateneo de Madrid Biblioteca del Ateneo de Madrid Depósito 1 09/06/2008     Hem-366 1177137 23/02/2023 23/02/2023 Revista